Statistics for Nations that have raced in F1

Click here to take the quiz!

General Stats

  • This quiz has been taken 22 times
  • The average score is 33 of 40

Answer Stats

Total DriversMost Successful DriverAnswer% Correct
16Niki LaudaAustria
100%
32Ayrton SennaBrazil
100%
5Kevin MagnussenDenmark
100%
9Mika HäkkinenFinland
100%
71Alain ProstFrance
100%
57Michael SchumacherGermany / West Germany
100%
5Charles LeclercMonaco
100%
15Fernando AlonsoSpain
100%
164Lewis HamiltonUnited Kingdom
100%
18Jack BrabhamAustralia
95%
24Jacky IckxBelgium
95%
1Guanyu ZhouChina
95%
99Alberto AscariItaly
95%
6Sergio PérezMexico
95%
17Max VerstappenNetherlands
95%
4Daniil KvyatRussia
95%
11Ronnie PetersonSweden
95%
159Mario AndrettiUnited States
95%
25Juan Manuel FangioArgentina
90%
15Jacques VilleneuveCanada
90%
5Derek DalyIreland
90%
21Takuma SatoJapan
90%
5Tiago MonteiroPortugal
90%
9Denny HulmeNew Zealand
86%
1Robert KubicaPoland
86%
24Clay RegazzoniSwitzerland
86%
2Alexander AlbonThailand
86%
3Juan Pablo MontoyaColombia
81%
23Jody ScheckterSouth Africa
81%
3Pastor MaldonadoVenezuela
81%
2Narain KarthikeyanIndia
76%
1Elisio SalazarChile
67%
4Alberto UriaUruguay
67%
1Alex YoongMalaysia
62%
1Zsolt BaumgartnerHungary
57%
1Rio HaryantoIndonesia
52%
1Tomáš EngeCzech Republic
48%
1Robert La CazeMorocco
29%
5John LoveZimbabwe
14%
1Rikky Von OpelLiechtenstien
5%

Score Distribution

Percentile by Number Answered

Percent of People with Each Score

Your Score History

You have not taken this quiz